000 00676nam a2200241 i 4500
001 C2-0204113
003 PPAK
005 20180728101452.0
008 990228s1993 xx a|||| ||||| | eng d
020 _a0333593014
040 _aPPAK
_beng
_cPPAK
_erda
082 0 4 _a823
_2 23
090 0 0 _a823
_bMOR
_dK
100 1 _aMorgan, Damian,
_eauthor
245 1 0 _aSabli's coming home
264 1 _a[place of publication not identified] :
_bMacmillan. ,
_c1993
300 _a102 pages :
_billustrations ;
_c22 cm
336 _2rdacontent
_atext
337 _2rdamedia
_aunmediated
338 _2rdacarrier
_avolume
650 1 0 _aChildren's stories, English
942 _ddc
_cB
999 _c157594
_d157594